000 00396nam a22001217a 4500
008 230606b xxu||||| |||| 00| 0 eng d
020 _a9966767088
082 _a339.5
_bMPND
245 _aBasic Report on Well-being in Kenya
_bBased on Kenya Integrated Household Budget Survey - 2005/06
260 _aNairobi,Kenya
_bKenya National Bureau of Statistics
_cApril,2007
300 _a104p
942 _2ddc
_cBK
999 _c602
_d602